[Event "Alushta"]
[Site "Alushta"]
[Date "1999.03.07"]
[Round "5"]
[White "Kuzmin, Gennadi P"]
[Black "Khomyakov, Vladimir"]
[Result "1-0"]
[WhiteElo "2546"]
[BlackElo "2380"]
[Annotator "Har Zvi,R"]
[PlyCount "91"]
[EventDate "1999.03.03"]
[EventType "tourn"]
[EventRounds "11"]
[EventCountry "UKR"]
[EventCategory "10"]
[SourceTitle "CBM 070"]
[Source "ChessBase"]
[SourceDate "1999.06.08"]
[SourceVersion "1"]
[SourceVersionDate "1999.06.08"]
[SourceQuality "1"]

1. e4 c5 2. Nf3 d6 3. d4 cxd4 4. Qxd4 Nc6 5. Bb5 Bd7 6. Bxc6 Bxc6 7. Nc3 Nf6 8.
Bg5 e6 9. O-O-O Be7 10. Qd3 O-O 11. Nd4 Qa5 12. f4 Rfe8 (12... Rfc8 $6 13. f5
$1 b5 (13... Bd7 14. Nb3 Qe5 $8 15. Rhf1 $16 (15. Rhf1 Rxc3 16. bxc3 Rc8 17.
Qd4 Qb5 18. Bxf6 gxf6 19. Qe3 $16 {1-0 Vescovi,G-Dvoirys,S/Groningen op 1994/
EXP 45 (45)})) 14. fxe6 fxe6 $6 (14... b4 15. Nf5 $1 (15. exf7+ Kf8 $1 $13 {
Polgar,J}) 15... Kh8 $1 (15... Kf8 $2 16. Bxf6 Bxf6 17. Qxd6+ $18) 16. e5 $3
Qxe5 (16... bxc3 17. exf6 $16) 17. Rhe1 Qa5 18. Nxe7 Qxg5+ 19. Kb1 $16 {
/\ 19...} bxc3 20. Nxc8 Rxc8 21. exf7) 15. Nxe6 (15. Nxc6 $2 Rxc6 16. Qxb5 Qc7
$44 {/\} 17. Qb3 Qc8 $1 18. Nb5 Rb6 $1) 15... b4 16. Bxf6 Bxf6 (16... bxc3 17.
Bxc3 $1 (17. Bxe7 $2 Qxa2 18. Qxc3 Qxe6 19. Rxd6 Qxe4 $14) 17... Qxa2 18. Qg3
g6 19. Nf4 $16 {/\} Bxe4 20. Rhe1 Rc4 21. Nxg6 $1 $18 {Polgar,J}) 17. Nd5 Be5 (
17... Qxa2 18. Nxf6+ gxf6 (18... Kh8 19. Nd5 $18) 19. Qg3+ Kf7 20. Rxd6 Rg8 21.
Qh3 $18) (17... Bxd5 18. Qxd5 Qxd5 19. exd5 $16) 18. Kb1 $16 {1-0 Polgar,
J-Shirov,A/Las Palmas 1994/Inf 60/[Shirov,A] (34)}) 13. Kb1 Rac8 14. Rhf1 (14.
Rhe1 h6 15. Nb3 Qb6 16. Bxf6 Bxf6 17. Qxd6 Red8 18. Qc5 Bxc3 19. bxc3 Bxe4 $1
$17 {0-1 Isupov,V-Kupreichik,V/Kemerovo2 1995/EXP 49 (40)}) 14... h6 (14... b5
15. Nxc6 (15. e5 dxe5 16. fxe5 b4 (16... Nd5 17. Nxc6 Rxc6 18. Nxd5 Bxg5 19.
Qf3 $16 {[%cal Gd5e7,Gf3f7]}) 17. Nxc6 Rxc6 18. exf6 bxc3 19. fxe7 Qxg5 20. Qf3
$18 {[%csl Rc6,Rf7]}) 15... Rxc6 16. Qxb5 Qxb5 17. Nxb5 Nxe4 18. Nxa7 Rc5 $1
$36 {[%csl Ra7]} (18... Rb6 19. Bxe7 Nc3+ 20. Ka1 Nxd1 21. Rxd1 Ra6 (21... Rxe7
22. Nc8) 22. Bxd6 Rxa7 23. c4 {[%csl Ga2,Gb2,Gc4][%cal Gc4c5]})) (14... a6 15.
f5) 15. Bh4 b5 $6 {this just leads to a long force line which in it's end
white is left with a pawn up in an endgame,so it can not be black's way of
playing} (15... Nxe4 $5 16. Nxc6 (16. Nxe4 Bxe4 (16... Bxh4 17. Nxd6 $16) 17.
Qxe4 Bxh4 18. f5 e5 (18... Bf6 $2 19. fxe6 fxe6 20. Rxf6)) 16... Rxc6 (16...
Nxc3+ $4 17. Qxc3 Qxc3 18. Nxe7+ {the end}) 17. Nxe4 Bxh4 18. Nxd6 Rb8 {
when black must be ok here}) 16. e5 dxe5 17. fxe5 Nd5 18. Nxc6 Rxc6 19. Nxd5
Bxh4 20. Qf3 Rec8 21. Qxf7+ Kh8 22. Nc3 $2 (22. Nf4 Rxc2 {[%cal Gc2b2]}) (22.
Ne3 Qc7 $1 (22... Bg5 $6 23. Rd7 Rg8 24. Ng4 {[%cal Gg4f6,Gf7g6]}) 23. Qxc7
R8xc7 {[%csl Re5]}) (22. Ne7 $1 {this just seems as white's only chance of
getting real advantage} Bxe7 23. Qxe7 Qa4 (23... Rxc2 24. Rf8+ Kh7 25. Rxc8
Rxc8 26. Qxe6 $16) 24. Rd8+ Kh7 25. Rc1 $16) 22... b4 23. Ne2 Rxc2 $4 {very
very strange why not Qxe5?? with about equal position now white wins back his
pawn} (23... Qxe5 24. Nf4 Qe4 25. Qg6 Qc4 {and it's black who has the
initiative}) 24. Qxe6 Qc5 25. Nd4 Rc4 (25... Rxg2 26. Qh3 $18) (25... Rf2 26.
Rxf2 Bxf2 27. Nc6 $1 $18) 26. Qd6 Be7 27. Qxc5 R4xc5 28. Nf3 R8c7 29. Rc1 Kg8
30. Rxc5 Rxc5 31. Rc1 Kf7 (31... Rd5 32. Rc7) 32. Rxc5 Bxc5 33. Kc2 Ke6 34. Kb3
(34. Kd3 Kd5) 34... Kd5 35. Ka4 {so white finds a way to break through black's
position his king via b5} g5 (35... Kc4 36. b3+ {[%cal Ga4b5]}) 36. h3 Be7 (
36... a6 37. Ka5 {[%cal Ga5a6]}) 37. Kb5 h5 38. b3 Ke4 $2 {well this is a
wrong move allowing white;s king to penetrate... black had to keep his knig on
d5} (38... g4 39. hxg4 hxg4 40. Nh2 g3 41. Nf3 Bf8 42. Ka6 Bc5 43. Kb7) 39. Kc6
$1 $18 g4 40. hxg4 hxg4 41. Nh2 Kxe5 (41... g3 42. Nf3 {[%cal Gc6d7,Ge5e6]})
42. Nxg4+ Kf4 43. Nf2 Ke3 44. Nh3 Kd2 45. Kb5 Kc2 46. Nf4 {[%cal Gf4d5][%mdl
12292]} (46. Nf4 Kb2 47. Nd5 Bf8 48. Nxb4) 1-0

[Event "RUS-Cup06"]
[Site "Nizhnij Novgorod"]
[Date "1998.07.02"]
[Round "4"]
[White "Turov, Maxim"]
[Black "Vaulin, Alexander"]
[Result "1-0"]
[WhiteElo "2445"]
[BlackElo "2535"]
[Annotator "Har Zvi,R"]
[PlyCount "55"]
[EventDate "1998.06.29"]
[EventType "swiss"]
[EventRounds "9"]
[EventCountry "RUS"]
[SourceTitle "EXT 2000"]
[Source "ChessBase"]
[SourceDate "1999.11.16"]
[SourceVersion "1"]
[SourceVersionDate "1999.11.16"]
[SourceQuality "1"]

1. e4 c5 2. Nf3 d6 3. d4 cxd4 4. Qxd4 Nc6 5. Bb5 Bd7 6. Bxc6 Bxc6 7. c4 {
the main line is 7.Nc3 Heute selten gespielt, populär ist 7.Nc3.} f5 $5 {
it's a big question what does white have after this moce since it according to
past games black is OK and also in this game black had a nice position,it's a
question for the white players} (7... Nf6 8. Nc3 e6 (8... g6 {is another
possible line}) 9. O-O Be7 10. b3 O-O 11. Bb2 (11. Rd1 Qa5 12. Bb2 Rfd8 13. Qe3
Bf8 14. Nd4 Be8 15. Rd3 Ng4 16. Qe2 Ne5 17. Rg3 $36 {Swidler,P-Aseev,K St.
Petersburg op 1994}) 11... a6 12. Qd3 b6 (12... Qa5 13. Nd4 Bd7 14. a4 Rfd8 15.
Kh1 Qb6 16. Rab1 Bc6 17. Ba1 Nd7 18. Nc2 Nc5 19. Qg3 Bf8 $13 {Chandler,
W-Watson,W/BL 9394/1994}) 13. Rad1 b5 14. cxb5 axb5 15. Nd4 Qb6 16. Nxc6 Qxc6
17. Nxb5 Qxe4 18. a4 d5 19. Qxe4 Nxe4 20. f3 Bc5+ 21. Bd4 Bxd4+ 22. Nxd4 {
and white seems to have the advantage in this position, Chandler,M-Bologan,V/
BL 9495/1995}) (7... e5 8. Qd3 h6 9. Nc3 Nf6 {ist eine Alternative.}) 8. Nc3 (
8. exf5 Qa5+ 9. Nc3 Qxf5 10. Nd5 Bxd5 (10... e5 $5 11. Qd1 Rc8 12. O-O Nf6 13.
Re1 Bxd5 14. Nd4 Qh5 15. Qxh5+ Nxh5 16. cxd5 Kd7 17. Nb5 Be7 $15 {[%csl Rd5]
Damjanovic,M-Groszpeter,A/Prague/1986}) 11. cxd5 Nf6 12. Qa4+ Qd7 (12... Kf7
13. O-O Qxd5 14. Rd1 b5 15. Rxd5 bxa4 16. Ra5 $13) 13. Qb3 Qf5 14. Qb5+ Kf7 (
14... Qd7 15. Qd3 $1) 15. Qxb7 Qxd5 16. Qc7 Qe4+ 17. Be3 Qb4+ 18. Bd2 Qe4+ 19.
Be3 Qb4+ 20. Nd2 $13 {with a very unclear position in Mansurov,V-Avrukh,B/
Budapest/1993}) 8... e5 (8... fxe4 9. Nxe4 Nf6 10. Nxf6+ gxf6 11. Qg4 Qd7 12.
Qh5+ Kd8 13. O-O Rg8 14. b3 Qg4 15. Qxg4 Rxg4 $15 {Heinemann,T-Gutman,L/
Ger-CupT/1992}) 9. Qd3 fxe4 10. Nxe4 Nf6 11. Nxf6+ (11. Nfd2 Be7 12. O-O O-O
13. Nc3 Rc8 14. Nde4 Nxe4 15. Nxe4 Qd7 $13 {Kunze-Riedel/Halle/1987}) 11...
gxf6 $5 (11... Qxf6 12. Bg5 Qg6 {Eine interessante Entscheidung, es geht
natürlich auch} (12... Qf7) 13. Qxg6+ hxg6 14. Ke2 Be7 15. Be3 (15. Bxe7 Kxe7 {
with Raf8 and Rh4 as in the game} (15... Bxf3+ 16. Kxf3 Kxe7 $10)) 15... Rf8
16. a4 a6 $13 {0-1 Rozentalis,E-Avrukh,B/Beer Sheva16th 1997/CBM 58/[Har Zvi] 
(45)}) (11... Qxf6 {transposes to our game}) 12. Nh4 (12. Qf5 Qd7 13. Qh5+ (13.
Qxf6 Rg8) 13... Qf7 14. Qxf7+ Kxf7 $15 {Silli-Pantaleoni/Corr 1985/Inf. 39/228}
) 12... Qd7 $1 {[%cal Gc8h3,Ga8h1,Gh8g8] black threat now is Qg4,and his
second idea is simply "d5" black has atleast equal here.} 13. f3 b5 $5 (13...
d5 $5) 14. b3 {white can not allow him self to exchange the "c4" since black
will get a massive pawn structure in the center} bxc4 15. bxc4 d5 16. cxd5 Bb5
{why to play this move,I understand black wants to prevent white from
casteling and thinks he has strong initiative,but in fact he lost the game in
12 moves while after Qxd5 you must prefer black,although even after Bb5 black
is better} (16... Qxd5 17. Qxd5 Bxd5 $15 {[%csl Ra2,Gd5,Gf8]}) 17. Qb3 Rc8 (
17... Rd8 $5 18. Rb1 a6 19. Be3 Qxd5 20. Qxd5 Rxd5 21. Kf2 $13) 18. Be3 Rc4 (
18... Bc4 $15) 19. g4 Rb4 (19... Qxd5 20. O-O $36 {[%csl Re8][%cal Gf1d1,Gh4f5]
}) (19... Bb4+ 20. Kf2 {and it's not clear what is black's plan}) 20. Qc2 Rc4 (
20... Qxd5 $5 21. Rd1 Qc4 22. Qd2 Ra4 $1 $17 {[%csl Re1]}) 21. Qb3 Rg8 $6 {
a serioous mistake,not only losing a tempi but also the rook stands there very
bad because it's on the diagonal of white's queen} (21... Rb4 $5 22. Qc2 Qxd5
23. Rd1 Qc4 24. Qd2 Ra4 $40 {[%csl Re1]}) 22. d6 Qc6 (22... Bxd6 23. Nf5 Bb4+
24. Kf2 $36 {[%csl Rd7,Re8,Rg8]}) 23. Kf2 Bxd6 24. Nf5 $14 {[%csl Rd6,Re8,Rg8]
/+/-,->} Bc5 $2 (24... Bc7 25. Rac1 $36) 25. Rhc1 $1 Rxc1 $4 {must have been
time trouble but any way black's position seems losing} (25... Bxe3+ 26. Nxe3
Rxc1 27. Rxc1 Qxc1 28. Qxg8+ Kd7 (28... Ke7 29. Nf5+ Kd7 30. Qd5+) 29. Qd5+) (
25... Be7 26. Rab1 $18) 26. Qxg8+ Kd7 27. Rxc1 Bxe3+ 28. Nxe3 1-0

[Event "Mermaid Beach Club"]
[Site "Bermuda"]
[Date "1997.??.??"]
[Round "2"]
[White "Vescovi, Giovanni P"]
[Black "De Firmian, Nick E"]
[Result "0-1"]
[WhiteElo "2490"]
[BlackElo "2575"]
[Annotator "Har Zvi,R"]
[PlyCount "96"]
[EventDate "1997.01.??"]
[EventType "tourn"]
[EventRounds "11"]
[EventCountry "BER"]
[EventCategory "11"]
[SourceTitle "CBM 058"]
[Source "ChessBase"]
[SourceDate "1997.06.01"]
[SourceVersion "1"]
[SourceVersionDate "1997.06.01"]
[SourceQuality "1"]

1. e4 c5 2. Nf3 d6 3. d4 Nf6 4. dxc5 Qa5+ (4... Nxe4 5. cxd6 Nxd6 6. Nc3 Nc6 7.
Bf4 Bg4 8. h3 Bh5 9. Qd5 Bg6 10. O-O-O $1 Bxc2 11. Nd4 $1 Bxd1 12. Nxc6 Qc8 13.
Nxe7 Bxe7 14. Bxd6 O-O 15. Bxe7 Re8 16. Bc4 $16 {/+- Tal,M-Gheoghiu,F Riga izt
1979}) 5. Bd2 (5. Nfd2 Nxe4 (5... Qxc5 6. Nc3 Qc7 7. Nc4 Nbd7 8. Bg5 g6 9. Qd4
Bg7 10. Nd5 Qd8 11. Nxf6+ Nxf6 12. e5 dxe5 13. Qxd8+ Kxd8 14. Nxe5 $14 {
Kaidanov,G-Gurevich,D USA (ch) 1995 65/(196)}) 6. cxd6 Nxd6 7. Nc3 Nc6 8. Nb3
Qe5+ 9. Be2 Bg4 10. f3 O-O-O 11. O-O (11. fxg4 Nc4 12. Bd2 Rxd2 13. Nxd2 Nxb2
14. Qc1 Qxc3 15. O-O $13) 11... Nb5 $1 12. Bd3 Nxc3 13. bxc3 Bf5 14. Re1 Qf6
15. Be3 Bxd3 16. cxd3 Qxc3 17. Bxa7 Qxd3 18. Qc1 $44 {Kaidanov,G-De Firmian,N
USA (ch) 1995 65/(196)}) (5. c3 Qxc5 6. Bd3 g6 7. Be3 Qc7 8. h3 Bg7 9. O-O Nc6
10. c4 Nd7 11. Qe2 Nc5 12. Nc3 Bxc3 13. bxc3 Nxd3 14. Qxd3 b6 $15 {[%csl Rc4]
Malakhov,V-Leko,P Canaries 1995}) 5... Qxc5 6. Bd3 Nc6 7. O-O (7. h3) 7... Bg4
8. h3 Bxf3 9. Qxf3 g6 $11 {white got nothing out of the opening black has a
solid pawn formation with a solid position} 10. Be3 Qa5 11. Nd2 Bg7 12. Qe2 O-O
13. c3 d5 14. exd5 (14. Rfd1) 14... Nxd5 15. Be4 Rfd8 16. Nb3 Qc7 17. Bd2 a5
18. a4 Ne5 {[%csl Rb2]} 19. Rad1 (19. Qb5 Qc4 20. Bc2 Qxb5 21. axb5 Nc4 22. Bc1
e6 $15) 19... Nb6 $1 {[%csl Ra4]} 20. Bf4 (20. Qb5 Nec4 {[%csl Rb2][%cal Gc4d6]
}) 20... Nxa4 21. Rxd8+ $6 (21. Ra1 $142 Nc5 22. Nxc5 Qxc5 23. Bxb7 Rab8 24.
Ba6 $1 $14 {it is very important for white to cintrol the b5-c4 squares}) 21...
Rxd8 22. Ra1 b5 (22... Nc5 23. Nxc5 Qxc5 24. Bxb7) 23. Qxb5 Nxb2 24. Nxa5 $6 (
24. Qxa5 $142 Qxa5 25. Rxa5 (25. Nxa5 Rc8)) 24... Rb8 (24... Qxc3 {I do not
know why not simply to take the pawn} 25. Bxe5 Bxe5 26. Nc6 Nc4 27. Rf1 Rd2 $1
(27... Nd6 28. Qxe5 Qxe5 29. Nxe5 Nxe4 30. Re1 Nf6 (30... f5 31. Nc6 Rd7 32. f3
$11) 31. Nc6) 28. Nxe7+ Kf8 29. Nd5 Qd4 $36) 25. Qc6 Nf3+ $5 {there was
another interesting move 25...Qxa5 but he leads to a minor pieces ending 2
bishops and 3 pawns against bishop+knight and 4 pawns with a think good
drawing chances} (25... Nxc6 26. Bxc7 Rc8 27. Nxc6 Rxc7 28. Ra8+ Bf8 29. Ra7
$11) (25... Qxc6 26. Nxc6 Nxc6 27. Bxc6 (27. Bxb8 $2 Nxb8 28. Ra8 (28. Rb1 Bxc3
) 28... Be5) 27... Rc8 28. Bb7) (25... Qxa5 26. Rxa5 Nxc6 27. Bxc6 Bxc3 $15)
26. Bxf3 Qxf4 {now with still the queens on the board black has more chances}
27. g3 Qd2 28. Qc7 Rf8 29. Nc6 e6 30. Ne7+ Kh8 31. Ra8 Nd3 {it is well knowen
and proven here once again that a queen with a knight is a very strong
combination,in most cases much better than a queen+bishop combination} 32. Qa7
Qe1+ $1 33. Kg2 (33. Kh2 Qxf2+ (33... Nxf2 $2 {it is never too late to make a
mistake!} 34. Qa3 $1 {[%cal Ga3f8]} f5 35. Rxf8+ Bxf8 36. Nxg6+ hxg6 37. Qxf8+
Kh7 38. Qf7+ Kh6 39. Qf8+ $11) 34. Qxf2 Nxf2 $17) 33... Qxc3 {so now black won
a tempi since with the king on g2 black is threatening Ne1} 34. Be4 Ne1+ 35.
Kg1 (35. Kf1 $4 Qc4+ $19) 35... Qe5 36. Qb7 f5 37. Bc6 Nd3 38. Kg2 (38. Qa7 f4
$1 39. g4 Qe1+ 40. Kg2 Qe2 $19) 38... Qc5 {maybe this move is also good enough
to win but I would like to end the game now! after 38...Qe2 I think I will} (
38... Qe2 39. Qa7 f4 $1 40. Kg1 (40. gxf4 Nxf4+ 41. Kh2 Qe5 $19) 40... fxg3 41.
fxg3 Qe5 $1 $19 42. Kg2 Qf6 43. Rxf8+ Bxf8 44. Nc8 Qb2+) 39. Qa7 (39. Ra2 f4)
39... Qxa7 40. Rxa7 Nxf2 41. Bd7 f4 (41... Bd4) 42. Rc7 (42. Bxe6 f3+ 43. Kf1
Nh1 $1 44. Nc6 (44. Ra4 Bc3 $1 {threatening Nxg3 followd by Be1 after Kf2} 45.
Rg4 Re8) 44... Nxg3+ 45. Kf2 Ne4+ 46. Kf1 Bc3 47. Rf7 Ra8 $19) (42. gxf4 Nd3)
42... fxg3 43. Rc8 (43. Bxe6 Nd3 44. Nd5 Be5) 43... Rxc8 44. Bxc8 Be5 45. Nc6 (
45. Bxe6 Nd3) 45... Bc7 46. Nd4 Nd3 47. Bb7 $2 {just losing immediately,the
only move was 47.Ne2 although I can not beleive white can save the game} (47.
Ne2 $8) 47... Nf4+ 48. Kf1 Kg7 0-1

[Event "Beersheba 16th"]
[Site "Beersheba"]
[Date "1997.02.25"]
[Round "2"]
[White "Rozentalis, Eduardas"]
[Black "Avrukh, Boris"]
[Result "0-1"]
[WhiteElo "2650"]
[BlackElo "2520"]
[Annotator "Har Zvi,R"]
[PlyCount "90"]
[EventDate "1997.02.24"]
[EventType "tourn"]
[EventRounds "11"]
[EventCountry "ISR"]
[EventCategory "12"]
[SourceTitle "CBM 058"]
[Source "ChessBase"]
[SourceDate "1997.06.01"]
[SourceVersion "1"]
[SourceVersionDate "1997.06.01"]
[SourceQuality "1"]

1. e4 {Horvath,T} c5 2. Nf3 d6 3. d4 cxd4 4. Qxd4 Nc6 5. Bb5 Bd7 6. Bxc6 Bxc6
7. c4 {the main line is 7.Nc3 Heute selten gespielt, populär ist 7.Nc3.} (7.
Nc3 {Horvath,T}) 7... f5 (7... Nf6 8. Nc3 e6 (8... g6 {is another possible line
}) 9. O-O Be7 10. b3 O-O 11. Bb2 (11. Rd1 Qa5 12. Bb2 Rfd8 13. Qe3 Bf8 14. Nd4
Be8 15. Rd3 Ng4 16. Qe2 Ne5 17. Rg3 $36 {Swidler,P-Aseev,K St.Petersburg op
1994}) 11... a6 12. Qd3 b6 (12... Qa5 13. Nd4 Bd7 14. a4 Rfd8 15. Kh1 Qb6 16.
Rab1 Bc6 17. Ba1 Nd7 18. Nc2 Nc5 19. Qg3 Bf8 $13 {Chandler,W-Watson,W/BL 9394/
1994}) 13. Rad1 b5 14. cxb5 axb5 15. Nd4 Qb6 16. Nxc6 Qxc6 17. Nxb5 Qxe4 18. a4
d5 19. Qxe4 Nxe4 20. f3 Bc5+ 21. Bd4 Bxd4+ 22. Nxd4 {and white seems to have
the advantage in this position, Chandler,M-Bologan,V/BL 9495/1995}) (7... e5 {
Horvath,T} 8. Qd3 h6 9. Nc3 Nf6 {ist eine Alternative.}) 8. Nbd2 (8. Nc3 fxe4 (
8... e5 9. Qd3 fxe4 10. Nxe4 Nf6 11. Nxf6+ gxf6 (11... Qxf6 {transposes to our
game}) 12. Qf5 Qd7 13. Qh5+ (13. Qxf6 Rg8) 13... Qf7 14. Qxf7+ Kxf7 $15 {
Silli-Pantaleoni/Corr 1985/Inf. 39/228}) 9. Nxe4 Nf6 10. Nxf6+ gxf6 11. Qg4 Qd7
12. Qh5+ Kd8 13. O-O Rg8 14. b3 Qg4 15. Qxg4 Rxg4 $15 {Heinemann,T-Gutman,L/
Ger-CupT/1992}) (8. exf5 Qa5+ 9. Nc3 Qxf5 10. Nd5 Bxd5 (10... e5 $5 11. Qd1 Rc8
12. O-O Nf6 13. Re1 Bxd5 14. Nd4 Qh5 15. Qxh5+ Nxh5 16. cxd5 Kd7 17. Nb5 Be7
$15 {[%csl Rd5] Damjanovic,M-Groszpeter,A/Prague/1986}) 11. cxd5 Nf6 12. Qa4+
Qd7 (12... Kf7 13. O-O Qxd5 14. Rd1 b5 15. Rxd5 bxa4 16. Ra5 $13) 13. Qb3 Qf5
14. Qb5+ Kf7 (14... Qd7 15. Qd3 $1) 15. Qxb7 Qxd5 16. Qc7 Qe4+ 17. Be3 Qb4+ 18.
Bd2 Qe4+ 19. Be3 Qb4+ 20. Nd2 $13 {with a very unclear position in Mansurov,
V-Avrukh,B/Budapest/1993}) 8... e5 9. Qd3 fxe4 10. Nxe4 Nf6 11. Nxf6+ (11. Nfd2
{Horvath,T} Be7 12. O-O O-O 13. Nc3 Rc8 14. Nde4 Nxe4 15. Nxe4 Qd7 $13 {
Kunze-Riedel/Halle/1987}) 11... Qxf6 (11... gxf6 {transposes to
Silli-Pantaleoni in a line mentioned above}) 12. Bg5 Qg6 {Eine interessante
Entscheidung, es geht natürlich auch} (12... Qf7 {Horvath,T}) 13. Qxg6+ hxg6 {
This is a very interesting position, the advantages of black's are the pair of
bishops, the half open h-file, the half open f-file and in the near future an
active king on e6, white has one major factor in his side pawns of black the
double "g" pawn and the hole on d5, but unfortunately for white it is a very
very long way for the knight on f3 which is quite a bad one to c3 or e3 the
best places for him.} 14. Ke2 Be7 15. Be3 (15. Bxe7 Kxe7 {with Raf8 and Rh4 as
in the game} (15... Bxf3+ {Horvath,T} 16. Kxf3 Kxe7 $10)) 15... Rf8 16. a4 {
I am not sure about this move since it weakeness the b3 square a lot and in
the future indeed white will have problems with his b3 pawn.} a6 17. Rhd1 (17.
b4 Rc8 18. Rhc1 Bxf3+ 19. gxf3 Rh8) 17... Rc8 18. b3 Rf5 $1 19. Bb6 Kf7 20. Ne1
Ke6 21. Rac1 Rh8 22. h3 Rh4 23. Rc3 {[#] White is threatening Rcd3 followed by
Bc7, therefore black's move is quite clear.} d5 24. cxd5+ Bxd5 25. Rcd3 (25.
Re3 Rb4 26. Nc2 $8 Rxb6 27. Nd4+ Kf6 28. Nxf5 Bxb3 29. Nxe7 Bxd1+ 30. Kxd1 Kxe7
31. Rxe5+ $11) 25... Bc6 26. Bd8 $6 (26. Re3) 26... Rhf4 $1 27. Bb6 {Well, it
is quite clear that Bd8 was quite a mistake if white has to return with his
bishop to b6. This tempi is very important.} (27. f3 Bxd8 $1 (27... e4 28. Re3)
(27... e4 $1 {Horvath,T}) 28. Rxd8 e4 $36) 27... Rb4 28. Bc7 $2 {White could
and must have played 28.Ba7 since it is necessary to keep the a7-g1 diagonal
under white's control, now immediately black take over this diagonal and with
it the advantage.} (28. Ba7 $8) 28... Bc5 $1 {[%cal Ga7g1]} 29. f3 e4 30. Rc3 (
30. fxe4 $4 Rxe4+ 31. Kd2 Bb4+) 30... exf3+ 31. gxf3 $6 {Quite strange,
destroying your pawn structure in this way, when your knight is on e1 and
black has a powerfull bishop on c6, why not Nxf3 and now if you play BxN than
I have to take with the g-pawn but I exchanged black's bishop for my knight.} (
31. Nxf3 Bxf3+ 32. gxf3 Rh4 33. Rh1 {and I believe white should be able to
hold this position}) 31... Rh4 32. Ng2 Rh8 (32... Rxh3 $2 33. Nf4+ (33. Rxc5 $2
{Horvath,T} Bxf3+)) 33. Rdc1 (33. Rd8 $8 $15 {It seems a good idea for white
to exchange one pair of rooks since he has a very weak king with two rooks
black's initiative is much more dangerous.}) 33... Ba7 34. Bg3 (34. h4 Re8 $1
$17 {[%csl Rf3]}) 34... Kf7 $1 $17 {[%cal Gh8e8,Gh8h3] Black wins a pawn,
there is no defence against both, Re8 and Rxh3.} 35. Bf2 (35. h4 Re8+) 35...
Bxf2 36. Kxf2 Rxh3 37. Ne1 g5 38. Rc5 (38. Kg2 {setting a fantastic trick!!,do
not you think now g4 is the normal move for black} Rh8 $17 (38... g4 $4 {
well this was your last mistake this game} 39. Rxc6 $1 bxc6 40. fxg4 {[%csl
Rf5,Rh3] it's unbelieveable but the rooks can not be protected})) 38... g6 39.
b4 $2 {Now the h4 rook becomes active, with almost no chances for white any
more.} (39. Kg2) 39... Rh2+ $1 (39... g4) 40. Ke3 Rb2 41. R5c4 (41. Rxf5+ gxf5
42. Nd3 Rb3) 41... Rf4 42. Rxc6 bxc6 43. Nd3 Rb3 44. Rxc6 Rfxb4 45. Rxa6 g4 0-1